[Event "FIDE World Uni Rapid-A 1st"]
[Site "Tornelo INT"]
[Date "2021.03.20"]
[Round "5"]
[White "Fedoseev, Vladimir1111"]
[Black "Eliezer, Segev"]
[Result "1-0"]
[WhiteElo "2687"]
[BlackElo "2004"]
[PlyCount "33"]
[EventDate "2021.03.20"]
[EventType "swiss (rapid)"]
[EventRounds "12"]
[EventCountry "NET"]
[SourceTitle "CBM 201 Extra"]
[Source "ChessBase"]
[SourceDate "2021.05.31"]
[SourceVersion "1"]
[SourceVersionDate "2021.05.31"]
[SourceQuality "1"]

1. e4 c5 2. Nf3 d6 3. d4 cxd4 4. Nxd4 Nf6 5. Nc3 a6 6. Be2 e5 7. Nb3 Be6 8. f4 exf4 9. Bxf4 Nc6 10. Qd3 Ne5 11. Qg3 Ng6 12. Be3 Be7 13. 0-0-0 Qc7 14. h4 h5 15. Nd4 Rc8 16. Nxe6 fxe6 17. Qxg6+ 1-0

[Event "FIDE World Uni Blitz-A 1st"]
[Site "Tornelo INT"]
[Date "2021.03.13"]
[Round "2.3"]
[White "Eliezer, Segev"]
[Black "Li, Ruifeng"]
[Result "0-1"]
[WhiteElo "2004"]
[BlackElo "2541"]
[PlyCount "56"]
[EventDate "2021.03.13"]
[EventType "swiss (blitz)"]
[EventRounds "10"]
[EventCountry "NET"]
[SourceTitle "EXT 2022"]
[Source "ChessBase"]
[SourceDate "2021.10.06"]
[SourceVersion "1"]
[SourceVersionDate "2021.10.06"]
[SourceQuality "1"]

1. d4 b6 2. c4 Bb7 3. Nc3 e6 4. d5 Nf6 5. e4 d6 6. Bd3 Nbd7 7. f4 g6 8. Nf3 Bg7 9. 0-0 0-0 10. Be3 exd5 11. cxd5 Nc5 12. Bc2 Re8 13. e5 Ng4 14. Bxc5 bxc5 15. Re1 dxe5 16. fxe5 Nxe5 17. Ba4 Re7 18. Qb3 Rb8 19. Nxe5 Rxe5 20. Rxe5 Bxe5 21. Qc4 Bd4+ 22. Kh1 Qd6 23. Nb5 Qxd5 24. Qxd5 Bxd5 25. Nxc7 Be4 26. Bb3 c4 27. Bxc4 Rxb2 28. Rf1 Bxg2# 0-1

[Event "FIDE World Uni Blitz-A 1st"]
[Site "Tornelo INT"]
[Date "2021.03.13"]
[Round "5.48"]
[White "Nabacwa, Allen Kyolaba"]
[Black "Eliezer, Segev"]
[Result "1-0"]
[WhiteElo "1413"]
[BlackElo "2004"]
[PlyCount "77"]
[EventDate "2021.03.13"]
[EventType "swiss (blitz)"]
[EventRounds "10"]
[EventCountry "NET"]
[SourceTitle "EXT 2022"]
[Source "ChessBase"]
[SourceDate "2021.10.06"]
[SourceVersion "1"]
[SourceVersionDate "2021.10.06"]
[SourceQuality "1"]

1. e4 c5 2. Nc3 g6 3. Nf3 Bg7 4. d4 cxd4 5. Nxd4 Nc6 6. Nxc6 bxc6 7. Bd3 Nf6 8. 0-0 0-0 9. Rb1 d5 10. exd5 cxd5 11. Ne2 Bg4 12. Qd2 e5 13. h3 Be6 14. Ng3 Qd6 15. c3 h5 16. f4 Rad8 17. Qe2 e4 18. Bc2 h4 19. Nh1 Bf5 20. Nf2 Nh5 21. g4 hxg3 22. Ng4 d4 23. Qg2 dxc3 24. bxc3 Bxc3 25. Kh1 Rfe8 26. Be3 Bd4 27. Nh6+ Kh7 28. Nxf5 gxf5 29. Bxd4 Qxd4 30. Rb7 Qd2 31. Bb3 Qxg2+ 32. Kxg2 Rd2+ 33. Kg1 e3 34. Rxf7+ Kh8 35. Rxf5 Ng7 36. Rf7 e2 37. Re1 Re3 38. Rf6 Red3 39. Rh6# 1-0

[Event "Pan American Intercollegiate-chT"]
[Site "Chess.com INT"]
[Date "2021.01.06"]
[Round "7"]
[White "Eliezer, Segev"]
[Black "Qureshi, Sadia1111"]
[Result "1-0"]
[WhiteElo "2004"]
[BlackElo "1552"]
[PlyCount "107"]
[EventDate "2021.01.04"]
[EventType "team-swiss (rapid)"]
[EventRounds "9"]
[EventCountry "USA"]
[SourceTitle "CBM 200 Extra"]
[Source "ChessBase"]
[SourceDate "2021.03.31"]
[SourceVersion "1"]
[SourceVersionDate "2021.03.31"]
[SourceQuality "1"]
[WhiteTeam "Texas Dallas Univ IV"]
[BlackTeam "Berkeley California Univ III"]
[WhiteTeamCountry "USA"]
[BlackTeamCountry "USA"]

1. d4 Nf6 2. c4 e6 3. Nf3 b6 4. a3 Bb7 5. Nc3 c5 6. d5 d6 7. e4 e5 8. Bd3 g6 9. 0-0 Bg7 10. b4 0-0 11. Bg5 Nbd7 12. Nd2 h6 13. Be3 Nh7 14. Qb1 Bc8 15. Nb3 Ndf6 16. Qc1 g5 17. f3 Nh5 18. Rf2 Nf4 19. Bf1 f5 20. Qd2 Qf6 21. Nc1 Bd7 22. N1e2 Rf7 23. Ng3 fxe4 24. Ncxe4 Qg6 25. Rb1 h5 26. bxc5 bxc5 27. Rb7 h4 28. Ne2 Bf5 29. Rxf7 Kxf7 30. N2c3 a6 31. Qb2 Bc8 32. Qb6 Bf8 33. Qc7+ Be7 34. Na4 Bf5 35. Qb7 Rd8 36. Bxf4 gxf4 37. Bd3 Ng5 38. Nxg5+ Qxg5 39. Qb1 Bxd3 40. Qxd3 Rg8 41. Nc3 h3 42. Qh7+ Rg7 43. Qxh3 Qg6 44. Ne4 a5 45. Rb2 Rh7 46. Qd7 Qh6 47. h3 Qg6 48. Rb7 Kg8 49. Rb8+ Bf8 50. Qd8 Qh6 51. Nf6+ Kf7 52. Nxh7 Qxh7 53. Rb7+ Kg8 54. Rxh7 1-0

[Event "Pan American Intercollegiate-chT"]
[Site "Chess.com INT"]
[Date "2021.01.05"]
[Round "6"]
[White "McCoy, George Leo"]
[Black "Eliezer, Segev"]
[Result "1-0"]
[WhiteElo "1588"]
[BlackElo "2004"]
[PlyCount "103"]
[EventDate "2021.01.04"]
[EventType "team-swiss (rapid)"]
[EventRounds "9"]
[EventCountry "USA"]
[SourceTitle "CBM 200 Extra"]
[Source "ChessBase"]
[SourceDate "2021.03.31"]
[SourceVersion "1"]
[SourceVersionDate "2021.03.31"]
[SourceQuality "1"]
[WhiteTeam "Chicago Univ II"]
[BlackTeam "Texas Dallas Univ IV"]
[WhiteTeamCountry "USA"]
[BlackTeamCountry "USA"]

1. c4 Nf6 2. g3 g6 3. Bg2 c6 4. Nf3 Bg7 5. 0-0 0-0 6. Qc2 d5 7. b3 Bf5 8. d3 d4 9. Bg5 h6 10. Bxf6 Bxf6 11. Nbd2 Nd7 12. h3 h5 13. b4 Ne5 14. Nxe5 Bxe5 15. b5 Qd7 16. bxc6 bxc6 17. Nf3 Bg7 18. Kh2 Rfe8 19. Nh4 Be6 20. Nf3 Bf6 21. Qa4 Qc7 22. Nd2 Bd7 23. Ne4 h4 24. Nc5 Rac8 25. Rab1 hxg3+ 26. fxg3 Bh4 27. Rf3 Bf5 28. e4 dxe3 29. Rxe3 Qd6 30. Ne4 Bxe4 31. Bxe4 Rb8 32. Rxb8 Rxb8 33. Qxc6 Rb2+ 34. Kh1 Qd4 35. Bxg6 Rb1+ 36. Kh2 Kg7 37. Qe4 Qb2+ 38. Re2 Qc1 39. Qg2 Bxg3+ 40. Kxg3 fxg6 41. Rxe7+ Kh6 42. Re2 Qa3 43. Qf2 Qxd3+ 44. Kg2 Qd6 45. Qh4+ Kg7 46. Re7+ Kf8 47. Re2 Rb7 48. Qh8+ Kf7 49. Qh7+ Kf6 50. Qxb7 Qd3 51. Qf3+ Qxf3+ 52. Kxf3 1-0

[Event "PNWCC Online Masters Artist Point"]
[Site "Chess.com INT"]
[Date "2020.09.06"]
[Round "6"]
[White "Li, Ben"]
[Black "Eliezer, Segev"]
[Result "1-0"]
[WhiteElo "2376"]
[BlackElo "2004"]
[PlyCount "53"]
[EventDate "2020.09.05"]
[EventType "swiss"]
[EventRounds "9"]
[EventCountry "USA"]
[SourceTitle "CBM 198 Extra"]
[Source "ChessBase"]
[SourceDate "2020.11.30"]
[SourceVersion "1"]
[SourceVersionDate "2020.11.30"]
[SourceQuality "1"]

1. d4 Nf6 2. c4 g6 3. Nc3 d5 4. cxd5 Nxd5 5. Na4 e5 6. dxe5 Nc6 7. a3 Bf5 8. Nf3 Qd7 9. Bg5 h6 10. Bh4 g5 11. Bg3 0-0-0 12. e3 Rg8 13. Be2 Qe6 14. Qc1 Be4 15. Nc5 Bxc5 16. Qxc5 h5 17. h4 gxh4 18. Rxh4 b6 19. Qc4 f5 20. exf6 Bxf3 21. Bxf3 Rxg3 22. fxg3 Qxe3+ 23. Kf1 Ne5 24. Qa6+ Kb8 25. Re1 Qg5 26. Rxh5 Qxg3 27. Rhxe5 1-0

[Event "World op 48th"]
[Site "ICC INT"]
[Date "2020.08.07"]
[Round "2"]
[White "Eizaguerri Floris, Maria"]
[Black "Eliezer, Segev"]
[Result "0-1"]
[WhiteElo "2167"]
[BlackElo "2004"]
[PlyCount "184"]
[EventDate "2020.08.07"]
[EventType "swiss"]
[EventRounds "9"]
[EventCountry "USA"]
[SourceTitle "CBM 197 Extra"]
[Source "ChessBase"]
[SourceDate "2020.09.30"]
[SourceVersion "1"]
[SourceVersionDate "2020.09.30"]
[SourceQuality "1"]

1. e4 c5 2. Nf3 d6 3. Bb5+ Nd7 4. Ba4 Ngf6 5. 0-0 a6 6. c4 Nxe4 7. Re1 Nef6 8. d4 e6 9. d5 e5 10. Nxe5 Be7 11. Nxd7 Nxd7 12. Qe2 b5 13. cxb5 Nb6 14. Bb3 Ra7 15. Bg5 h6 16. Bd2 0-0 17. bxa6 Bxa6 18. Qe4 Bg5 19. Bc2 g6 20. Bxg5 Qxg5 21. Nc3 Bc4 22. h4 Qf6 23. h5 Kg7 24. Re3 Qd4 25. hxg6 Qxe4 26. Bxe4 fxg6 27. Bf3 Nd7 28. Rae1 Ne5 29. b3 Bd3 30. Be2 Bf5 31. f4 Ng4 32. Bxg4 Bxg4 33. g3 g5 34. fxg5 hxg5 35. a4 Kg6 36. Nb5 Rh7 37. Re8 Rf6 38. R1e7 Rh3 39. Rg8+ Kf5 40. Kg2 Rfh6 41. Rf8+ Kg6 42. Rg8+ Kf5 43. Rf8+ Kg6 44. Re6+ Bxe6 45. dxe6 Rh2+ 46. Kf3 Rh7 47. Nxd6 Re7 48. Rg8+ Kh7 49. Re8 Rxe8 50. Nxe8 Kg6 51. a5 Ra2 52. Nc7 Kf6 53. a6 Ke7 54. Ke4 Kd6 55. Nb5+ Kxe6 56. a7 Kd7 57. Kd5 Kc8 58. Kc6 Ra6+ 59. Kxc5 Kb7 60. Nd6+ Kxa7 61. b4 Ra3 62. Ne4 g4 63. b5 Re3 64. Kd4 Rb3 65. Ke5 Rf3 66. Kd4 Kb6 67. Kc4 Re3 68. Kd4 Rf3 69. Kc4 Ra3 70. Nc3 Ra1 71. Nd5+ Kb7 72. Nc3 Rg1 73. Ne4 Kb6 74. Kd4 Rf1 75. Kc4 Rf3 76. Kd4 Kxb5 77. Kd5 Kb4 78. Kd4 Ka3 79. Ke5 Kb2 80. Nd2 Kc2 81. Ne4 Kd3 82. Nc5+ Ke3 83. Ne4 Ke2 84. Kd4 Rd3+ 85. Ke5 Kf3 86. Nc5 Re3+ 87. Kd4 Re8 88. Nd3 Rd8+ 89. Kc3 Kxg3 90. Kd2 Kh2 91. Ke2 Rxd3 92. Kxd3 g3 0-1